Next generation business handbook new strategies from tomorrow's thought leaders

Gespeichert in:
Bibliographische Detailangaben
Weitere Verfasser: Chowdhury, Subir
Format: Buch
Sprache:Englisch
Veröffentlicht: Hoboken John Wiley & Sons, Inc. 2004
Schlagworte:
Tags: Tag hinzufügen
Keine Tags, Fügen Sie das erste Tag hinzu!

MARC

LEADER 00000nam$a2200000$$$4500
001 0106178
005 20240313133255.3
020 |a 0-471-66996-2 
041 0 |a eng 
044 |a US 
245 1 0 |a Next generation business handbook  |b new strategies from tomorrow's thought leaders  |c led by Subir Chowdhury 
264 1 |a Hoboken  |b John Wiley & Sons, Inc.  |c 2004 
300 |a xxiv, 1320 s. 
610 2 0 |a podnikanie 
610 2 0 |a stratégia podnikateľská 
610 2 0 |a stratégia podniková 
610 2 0 |a manažment 
610 2 0 |a manažéri 
610 2 0 |a lídri 
610 2 0 |a vodcovstvo 
610 2 0 |a plánovanie strategické 
610 2 0 |a zákazníci 
610 2 0 |a zdroje ľudské 
610 2 0 |a manažment personálny 
610 2 0 |a podnikanie elektronické 
700 1 |a Chowdhury, Subir